000 00835caa a22002417a 4500
999 _c413077
_d413077
001 125824
003 UA-OsUOA
005 20200114122311.0
007 ta
008 20170928b un ||||| |||| 00| 0 ukr d
040 _aUA-OsUOA
_bukr
_cUA-OsUOA
_dUA-OsUOA
041 _aukr
080 _a908
090 _a908
_bИ99
100 _aІванов С.
245 _aОстрожчина як скадова частина рейхскомісаріату "Україна"
_cС. Іванов
300 _aС. 95–106
650 7 _a908 Краєзнавство
_2UDC
773 0 _0391993
_9413648
_dОстрог НаУОА 2011
_o145361
_tНаукові записки. Історичні науки
_w(UA-OsUOA) 105743
942 _cBKA
_2udc
955 _a1